| 000 | 02319nam0a2200409 4500 | ||
|---|---|---|---|
| 001 | RU\NLR\BIBL_A\022156521 | ||
| 005 | 20240415173831.0 | ||
| 010 |
_a978-5-9971-0800-7 _9150 |
||
| 021 |
_aRU _bКН-П-24-006508 _9КН-П-24-0679 |
||
| 035 | _a(NLR Aleph) 022156521 | ||
| 090 |
_a12908276 _c12908276 |
||
| 100 | _a20240305d2023 k y0rusy50 ca | ||
| 101 | 0 | _arus | |
| 102 | _aRU | ||
| 105 | _ay|||z|||000yb | ||
| 181 | 0 |
_ai4 _baxxe |
|
| 182 | 0 | _an | |
| 200 | 1 |
_aАндрей Николаевич Егунов: рукописное наследие _e(ученый и переводчик в интеллектуальной истории России) _fСветлов Р. В., Федоров Д. А., Андерсон О. Н. [и др.] _gпод ред. Р. В. Светлова _gБалтийский федеральный университет имени Иммануила Канта |
|
| 203 |
_aТекст _bвизуальный _cнепосредственный |
||
| 210 |
_aКалининград _cИзд-во Балтийского федерального университета им. Иммануила Канта _d2023 |
||
| 215 |
_a270 с. _d22 |
||
| 300 | _aАвт. указаны на обороте тит. с. | ||
| 320 | _aБиблиогр. в подстроч. примеч. | ||
| 600 | 1 |
_aЕгунов _bА. Н. _gАндрей Николаевич _f1895 - 1968 _2nlr_sh2 _3RU\NLR\AUTH\661522307 |
|
| 686 | 1 | _aШ1г(2)7дЕгунов | |
| 686 | 1 | _aШ5(2=Р)7-4Егунов | |
| 701 | 1 |
_aСветлов _bР.В. _gРоман Викторович _3RU\NLR\AUTH\7719714 |
|
| 701 | 1 |
_aФедоров _bД. А. _cд-р филос. наук, канд. социол. наук _f1980- _gДенис Андреевич _3RU\NLR\AUTH\77126033 |
|
| 701 | 1 |
_aАндерсон _bО. Н. _gОльга Николаевна |
|
| 702 | 1 |
_aЕгунов _bА.Н. _f1895-1968 _gАндрей Николаевич _3RU\NLR\AUTH\7712066 _4280 |
|
| 712 | 0 | 2 |
_aБалтийский федеральный университет им. И. Канта _cКалининград _3RU\NLR\AUTH\8810202100 _4475 |
| 942 | _cBOOK | ||
| 980 | _aNB | ||